Housing options and solution for young people in 2020 (Record no. 114337)
[ view plain ]
| 000 -LEADER | |
|---|---|
| fixed length control field | 01341cad a22002535a 4500 |
| 001 - CONTROL NUMBER | |
| control field | L156639 |
| 008 - FIXED-LENGTH DATA ELEMENTS--GENERAL INFORMATION | |
| fixed length control field | 120615s2012 xxk f 000 0 eng d |
| 035 ## - SYSTEM CONTROL NUMBER | |
| System control number | (Sirsi) u156639 |
| 041 0# - LANGUAGE CODE | |
| Language code of text/sound track or separate title | eng |
| 100 1# - MAIN ENTRY--PERSONAL NAME | |
| Personal name | Clapham, David |
| 245 00 - TITLE STATEMENT | |
| Title | Housing options and solution for young people in 2020 |
| Medium | [electronic resource] |
| 260 ## - PUBLICATION, DISTRIBUTION, ETC. | |
| Place of publication, distribution, etc. | York |
| Date of publication, distribution, etc. | Joseph Rowntree Foundation |
| Name of publisher, distributor, etc. | 2012 |
| 520 ## - SUMMARY, ETC. | |
| Summary, etc. | Housing options for young people agreed 18 and 30 are uncertain due to current economic, social and political issues. Looking ahead to 2020, considers housing options available for these people. Predicts that an extra 1.5m will move into the private rented sector due to problems in accessing home ownership and social housing. Recommendations include providing better private rented housing and social housing to meet the varied needs of this age group particularly young families, those on low incomes and those who are vulnerable due to their support needs. |
| 590 ## - LOCAL NOTE (RLIN) | |
| Local note | KA |
| 651 #4 - SUBJECT ADDED ENTRY--GEOGRAPHIC NAME | |
| Geographic name | United Kingdom |
| Chronological subdivision | |
| 700 1# - ADDED ENTRY--PERSONAL NAME | |
| Personal name | Mackie, Peter |
| 700 1# - ADDED ENTRY--PERSONAL NAME | |
| Personal name | Orford, Scott |
| 700 1# - ADDED ENTRY--PERSONAL NAME | |
| Personal name | Buckley, Kelly |
| 700 1# - ADDED ENTRY--PERSONAL NAME | |
| Personal name | Thomas, Ian |
| 700 1# - ADDED ENTRY--PERSONAL NAME | |
| Personal name | Atherton, Iain |
| 700 1# - ADDED ENTRY--PERSONAL NAME | |
| Personal name | McAnuity, Ursula |
| 856 40 - ELECTRONIC LOCATION AND ACCESS | |
| Uniform Resource Identifier | <a href="https://www.jrf.org.uk/sites/files/jrf/young-people-housing-options-full_0.pdf">https://www.jrf.org.uk/sites/files/jrf/young-people-housing-options-full_0.pdf</a> |
| Public note | View the item free of charge from the www.jrf.org.uk |
| 942 ## - ADDED ENTRY ELEMENTS (KOHA) | |
| Suppress in OPAC | 0 |
| Withdrawn status | Lost status | Source of classification or shelving scheme | Damaged status | Not for loan | Home library | Current library | Shelving location | Date acquired | Total Checkouts | Full call number | Barcode | Date last seen | Copy number | Price effective from | Koha item type |
|---|---|---|---|---|---|---|---|---|---|---|---|---|---|---|---|
| Dewey Decimal Classification | Virtual | Virtual | Online | 15/06/2012 | ONLINE PUBLICATION | 156639-2001 | 06/08/2019 | 1 | 06/08/2019 | Book |